[Event "45th Olympiad Budapest 2024"]
[Site "Budapest"]
[Date "2024.09.11"]
[Round "1"]
[Board "1"]
[White "Ghitza, Elena"]
[Black "Avramidou, Anastasia"]
[Result "0-1"]
[WhiteElo "1817"]
[BlackElo "2290"]
[PlyCount "88"]
[EventDate "2024.09.11"]
[EventType "team-tourn"]
[EventRounds "11"]
[EventCountry "HUN"]
[WhiteTeam "Malta"]
[BlackTeam "Greece"]
[WhiteTeamCountry "MLT"]
[BlackTeamCountry "GRE"]

1. c4 {Sajtar,J/Primel,D} Nf6 2. Nc3 g6 3. d4 Bg7 4. e4 d6 5. Be2 O-O 6. Be3 e5 7. d5 ({RR} 7. Nf3) 7... Na6 ({RR} 7... Nbd7) ({RR} 7... a5) 8. f3 ({RR} 8. g4 Nc5 9. f3 c6 10. h4 cxd5 11. cxd5 h5 12. g5 Ne8 13. Nh3 a5 14. Nf2 Nc7 15. Nd3 b6 16. a3 Ba6 17. Rb1 f6 18. b4 Bxd3 19. Bxd3 axb4 20. axb4 Nxd3+ 21. Qxd3 fxg5 22. Bxg5 Bf6 {1-0 Riazantsev,A (2658)-Demchenko,A (2589) RUS-ch Higher League 68th 2015 (7)}) 8... Nh5 9. Qd2 f5 ({RR} 9... Qh4+ 10. g3 Qe7 ({RR} 10... Nxg3 11. Bf2) 11. O-O-O Nc5) ({RR} 9... Nf4 10. Bd1 Nc5 11. Bc2 a5 12. g3 Nh5 13. Nge2 f5 14. exf5 Bxf5 15. Bxf5 gxf5 16. O-O-O Nf6 17. Kb1 Qe8 18. Nb5 Qd7 19. h4 Rf7 20. h5 Kh8 21. h6 Bf8 22. Qc3 a4 23. Nc1 Re8 24. Bg5 {1-0 Lomsadze,I (2085)-Engesser,J (2100) TCh-AUT 2nd West 2023-24 (5.6)}) 10. Bg5 $146 ({RR} 10. exf5 gxf5 11. Bg5 Qe8 12. Bd3 ({RR} 12. O-O-O Nc5) 12... e4 13. fxe4 ({RR} 13. Be2 Nc5 14. O-O-O Qg6) 13... fxe4 14. Bc2 Nb4 15. O-O-O Qe5 16. Bb1 ({RR} 16. Kb1) 16... Rf2 ({RR} 16... Nf4 17. Bxf4 ({RR} 17. a3 Nbd3+) 17... Rxf4 18. a3 Bh6) 17. Nge2 ({RR} 17. Qxf2 Qxg5+ 18. Qd2 e3 19. Qe1 e2+ 20. Rd2 Nf4 ({RR} 20... Bg4) 21. Nf3 Nbd3+ 22. Bxd3 Nxd3+ 23. Kb1 Qg6) 17... Nd3+ 18. Kc2 Nxb2 {0-1 Frezouls,C-Mora Corbera,J WchT Students 02nd 1955 (1)} {RR} 19. Kxb2 Rxe2 20. Qxe2 Qxc3#) ({RR} 10. g3 Nc5 11. Bg5 Qe8 12. b4 Na6 13. a3 Nb8 14. c5 Bd7 15. Bc4 Kh8 16. cxd6 cxd6 17. Nge2 fxe4 18. Nxe4 Rxf3 19. Ng1 Qf8 20. Nxf3 Qxf3 21. Nf2 e4 22. Rc1 Na6 23. Be3 Re8 24. Rc2 Ba4 {1-0 Kovacs,L-Dely,P Budapest-ch04 1963}) ({RR} 10. O-O-O Nf4 11. Bf1 Bd7 12. g3 Nh5 13. Bg5 Bf6 14. Bh6 Rf7 15. Nh3 Bg7 16. Bxg7 Kxg7 17. Ng5 Rf6 18. Be2 h6 19. Ne6+ Bxe6 20. dxe6 Rxe6 21. exf5 gxf5 22. g4 fxg4 23. fxg4 Nf4 24. Ne4 Qh4 {0-1 More,E (1650)-Sajn,S (2096) SLO-chT2 West 2016 (4.4)}) 10... Qe8 11. Nb5 Bd7 12. b4 Nf4 13. Bf1 h6 14. Bh4 g5 15. Bf2 fxe4 16. fxe4 Qg6 17. Nc3 Nxb4 18. Rb1 a5 19. a3 b6 20. g3 Nh5 21. Bg2 Na6 22. Nf3 Bg4 23. Qe3 Rf7 24. O-O Raf8 25. Nd2 Nc5 26. h3 Bc8 27. Kh2 g4 28. h4 Nf4 29. Bg1 h5 30. Ne2 Nxg2 31. Kxg2 Bh6 32. Rxf7 Rxf7 33. Qc3 Nxe4 34. Qc2 Bxd2 35. Rd1 Bh6 36. Nc3 Bf5 37. Re1 Bd2 38. Re3 Bxe3 39. Bxe3 Nxc3 40. Qxc3 Bb1 41. Kg1 Qd3 42. Qe1 Qe4 43. Qd2 Qf3 44. Kh2 Be4 0-1

[Event "45th Olympiad Budapest 2024"]
[Site "Budapest"]
[Date "2024.09.11"]
[Round "1"]
[Board "1"]
[White "Brunello, Marina"]
[Black "Strade, Arita"]
[Result "1-0"]
[WhiteElo "2348"]
[BlackElo "1946"]
[PlyCount "115"]
[EventDate "2024.09.11"]
[EventType "team-tourn"]
[EventRounds "11"]
[EventCountry "HUN"]
[WhiteTeam "Italy"]
[BlackTeam "Guernsey"]
[WhiteTeamCountry "ITA"]

1. e4 d6 2. d4 e5 3. Nf3 exd4 4. Nxd4 Nf6 5. Nc3 Be7 6. Bd3 O-O 7. h3 Nc6 8. Nxc6 bxc6 9. O-O Nd7 10. Be3 ({RR} 10. b3 Bf6 11. Bb2 Bd4 12. Na4 Bxb2 13. Nxb2 a5 14. a4 Nc5 15. Qd2 Re8 16. Rae1 Qf6 17. Nc4 Nxd3 18. cxd3 Qd4 19. Nxa5 Qb6 20. b4 c5 21. Rb1 cxb4 22. Nc4 Qc6 23. a5 Be6 24. Rxb4 d5 {1-0 Nepomniachtchi,I (2751)-Aronian,L (2789) chess.com Speed 1m+1spm 2017 blitz (1.25)}) ({RR} 10. f4 Re8 11. Qf3 a5 12. Bd2 Nc5 13. Rae1 Nxd3 14. cxd3 Ba6 15. b3 Bf6 16. Kh1 Qd7 17. Ne2 a4 18. Bc3 Bxc3 19. Nxc3 axb3 20. axb3 Qe6 21. Rb1 Qf6 22. Ne2 Bb5 23. Ng3 Ra2 24. Nh5 Qh4 {0-1 Pinheiro,I (2270)-Sjugirov,S (2689) Titled Tue 16th Apr Late 2024 (2)}) 10... Bf6 11. f4 Rb8 $146 ({RR} 11... Re8 12. Qh5 Bb7 13. Rae1 Bxc3 14. bxc3 Nf6 15. Qf3 c5 16. Bf2 c4 17. Bxc4 Bxe4 18. Qd1 Qd7 19. Bd4 Qc6 20. Qe2 Bd5 21. Bxd5 Qxd5 22. Qa6 Ne4 23. Qd3 c5 24. Qb5 Qxa2 25. Bxg7 Kxg7 26. f5 {0-1 Seppelfricke,G (1884)-Quast,M (2220) Gelsenkirchen Silvester op 4th 2016 (1)}) ({RR} 11... Re8 12. Qh5 Bb7 13. Rad1 Bxc3 14. bxc3 Nf6 15. Qf5 Bc8 16. Qg5 h6 17. Qh4 Qe7 18. e5 Nd5 19. Qxe7 Rxe7 20. Bd4 Nb6 21. Rde1 Bd7 22. Re2 c5 23. Bf2 Bc6 24. c4 Kf8 25. Rfe1 Ree8 26. Bh4 {½-½ Kayastha,M (2104)-Kananub,W (2203) THA-chT Bangkok 2015 (5.1)}) ({RR} 11... c5 12. Rb1 Bd4 13. Bxd4 cxd4 14. Nb5 Nb6 15. Nxd4 Bd7 16. c4 Qf6 17. Ne2 Rfe8 18. b3 Bc6 19. Qc2 Re7 20. Nc3 Qd4+ 21. Kh1 f5 22. Nd5 Bxd5 23. exd5 g6 24. Rbd1 Qf6 25. c5 Nd7 26. b4 {1-0 Shcherbashin,V (1993)-Zinovjev,Y (2153) Tambov Korensky Memorial 24th 2015 (6)}) 12. Rb1 c5 13. Qf3 Nb6 14. e5 Bb7 15. Qg4 Bc8 16. Qe2 c4 17. Be4 dxe5 18. fxe5 Bxe5 19. Bxh7+ Kxh7 20. Qh5+ Kg8 21. Qxe5 Qd6 22. Qxd6 cxd6 23. Bf4 Rb7 24. Bxd6 Rd8 25. Rbd1 Be6 26. Ba3 Rxd1 27. Rxd1 Bf5 28. Rd2 Nd7 29. Nd5 Kh7 30. Ne3 Be6 31. Rd4 Nb6 32. b3 cxb3 33. axb3 Kg6 34. Kf2 Nd7 35. Ra4 Ne5 36. Ra6 Rc7 37. Ra5 Nd7 38. Bb2 Nb6 39. Be5 Rd7 40. Bb8 Nc8 41. Ra6 Kh7 42. Ke2 Rb7 43. Be5 Rd7 44. Rc6 Rb7 45. Bd4 Bd7 46. Rc5 Rb4 47. Kd3 Rb7 48. Ra5 Be6 49. Bc5 Rd7+ 50. Ke4 f6 51. c4 Bf7 52. Nd5 Bg6+ 53. Kd4 Nb6 54. Bxb6 axb6 55. Ra6 b5 56. c5 Bf7 57. Rd6 Ra7 58. c6 1-0

[Event "45th Olympiad Budapest 2024"]
[Site "Budapest"]
[Date "2024.09.11"]
[Round "1"]
[Board "2"]
[White "Nevska, Gerda"]
[Black "Zimina, Olga"]
[Result "0-1"]
[WhiteElo "1892"]
[BlackElo "2302"]
[PlyCount "56"]
[EventDate "2024.09.11"]
[EventType "team-tourn"]
[EventRounds "11"]
[EventCountry "HUN"]
[WhiteTeam "Guernsey"]
[BlackTeam "Italy"]
[BlackTeamCountry "ITA"]

1. e4 e5 2. f4 exf4 3. Nf3 Ne7 4. d4 d5 5. Bd3 dxe4 ({RR} 5... c5 6. Nc3 cxd4 7. Nxd4 dxe4 8. Nxe4 Ng6 9. h4 Nc6 10. Nxc6 bxc6 11. Qe2 Bb4+ 12. Bd2 Bxd2+ 13. Qxd2 O-O 14. O-O-O Bg4 15. h5 Ne5 16. Qxf4 Qb8 17. Nd6 f6 18. Qe4 g6 19. hxg6 hxg6 20. Rh6 {1-0 Nepomniachtchi,I (2779)-Svidler,P (2688) World Rapid Team 2023 (9.8)}) 6. Bxe4 Nd5 ({RR} 6... Ng6 7. Bxg6 hxg6 8. Bxf4 Be7 9. O-O O-O 10. c4 Bf6 11. Nc3 Bg4 12. d5 Nd7 13. Qd2 Re8 14. Rfe1 Bxf3 15. gxf3 Ne5 16. Bxe5 Bxe5 17. Re4 f5 18. Re2 Qh4 19. Rf1 Qxc4 20. Rfe1 Bd4+ 21. Kh1 {0-1 Poddubnyi,V (2304)-Kleiman,J (2399) Titled Tue 30th Jan Late 2024 (2)}) 7. Bxd5 Qxd5 8. Bxf4 $146 ({RR} 8. O-O Be7 9. Re1 Qd8 10. Qe2 Be6 11. c4 O-O 12. Bxf4 Bf6 13. Qf2 c6 14. Nbd2 Na6 15. a3 Rc8 16. Rac1 Bf5 17. Ne4 Bxe4 18. Rxe4 Nc7 19. Be5 Ne6 20. Rf1 Bxe5 21. Rxe5 Qf6 22. Qe3 Qg6 {1-0 Oehne,T (2046)-Bohnert,D (1861) GER-chT U16 Naumburg 2012 (5)}) 8... Qe4+ 9. Qe2 Qxe2+ 10. Kxe2 Na6 11. Nbd2 Bf5 12. c4 f6 13. a3 O-O-O 14. h4 Be7 15. Rhe1 Rhe8 16. Kf2 h6 17. b4 g5 18. hxg5 hxg5 19. Be3 c6 20. d5 c5 21. b5 Nb8 22. a4 Nd7 23. Nf1 Bd6 24. Ng3 Bd3 25. Nd2 Ne5 26. Ra3 Bc2 27. Nge4 Ng4+ 28. Kf3 Nh2+ 0-1

[Event "45th Olympiad Budapest 2024"]
[Site "Budapest"]
[Date "2024.09.11"]
[Round "1"]
[Board "4"]
[White "Kochavi, Dana"]
[Black "Wu, Elise"]
[Result "1-0"]
[WhiteElo "2009"]
[BlackElo "1595"]
[PlyCount "69"]
[EventDate "2024.09.11"]
[EventType "team-tourn"]
[EventRounds "11"]
[EventCountry "HUN"]
[WhiteTeam "Israel"]
[BlackTeam "Suriname"]
[WhiteTeamCountry "ISR"]
[BlackTeamCountry "SUR"]

1. e4 {ChessBase ChessBase II} e5 2. Nf3 Nc6 3. Bb5 a6 4. Ba4 b5 5. Bb3 Nf6 6. O-O d6 7. Re1 Be7 8. a4 ({RR} 8. c3) 8... b4 9. a5 O-O 10. c3 ({RR} 10. d4) 10... Re8 $146 ({RR} 10... Bg4 11. d4 exd4 12. cxd4 d5 13. e5 Ne4 14. Nbd2 Nxd4 15. Nxe4 Nxb3 16. Nf6+ Bxf6 17. Qxb3 Be7 18. Nd4 Qd7 19. Qg3 ({RR} 19. h3 Be6 ({RR} 19... Bf5 20. Nxf5 Qxf5 21. Qxd5)) 19... c5 20. h3 Bf5 ({RR} 20... cxd4 21. hxg4 Rac8) 21. Nf3 d4 22. Bg5 Rfe8 23. Rac1 Rac8 24. Nd2 d3 25. Rcd1 {0-1 Alekhine,A-Vidmar,M Match Alekhine-Vidmar +1-1=0 blitz 1935} ({RR} 25. Nc4) {RR} 25... Bxg5 26. Qxg5 c4) ({RR} 10... Be6 11. Bxe6 fxe6 12. d4 bxc3 13. bxc3 exd4 14. cxd4 d5 15. e5 Nd7 16. Nbd2 Rb8 17. Ba3 Bxa3 18. Rxa3 Rb5 19. Qe2 h6 20. h3 Rf7 21. Rc1 Ndb8 22. Qd3 Nxa5 23. Rac3 Nd7 24. Qg6 Nf8 25. Qc2 {0-1 Caruana,F (2818)-Aronian,L (2765) Saint Louis Rapid 2019 (7)}) ({RR} 10... Bg4 11. d3 Rb8 12. Nbd2 d5 13. Qe2 bxc3 14. bxc3 dxe4 15. dxe4 Nxa5 16. Rxa5 c5 17. Rxa6 Qc8 18. Bc4 Ra8 19. Rxa8 Qxa8 20. h3 Bh5 21. g4 Nxg4 22. hxg4 Bxg4 23. Qe3 Qc6 24. Nxe5 Qc8 25. Nxg4 {1-0 Garcia Correa,J (2103)-Gulamirian,K (1890) Titled Tue 30th Jul Late 2024 (11)}) ({RR} 10... Bb7 11. d4 bxc3 12. Nxc3 Rb8 13. Ra4 Nxd4 14. Nxd4 exd4 15. Rxd4 c5 16. Ra4 Bc6 17. Ra3 Rb4 18. Qd3 Qa8 19. Bc4 Re8 20. f3 Bf8 21. Rd1 Nd7 22. Bd5 Nf6 23. Bc4 Nd7 24. Bf4 Rxb2 25. Bxa6 {1-0 Bertok,M-Averbakh,Y Match/Nation YUG-URS 28,5-31,5 1961 (1.5)}) ({RR} 10... bxc3 11. dxc3 Be6 12. Nbd2 Rb8 13. Bc2 Nh5 14. Nf1 g6 15. Ne3 Bf6 16. Nd5 Bg7 17. Bd3 Ra8 18. Ng5 Bc8 19. Bc4 h6 20. Nf3 Be6 21. Qd3 Nb8 22. Be3 Nf6 23. Red1 Bxd5 24. Bxd5 Nxd5 25. Qxd5 {0-1 Tal,M-Spassky,B Candidates f Spassky-Tal +4-1=6 1965 (9)}) 11. Ng5 Rf8 12. d4 bxc3 13. bxc3 exd4 14. cxd4 Rb8 15. Nc3 h6 16. Nf3 Bg4 17. Be3 Qc8 18. Bc4 Re8 19. Qe2 Nb4 20. h3 Bxf3 21. Qxf3 Nc2 22. e5 Nxe1 23. Rxe1 d5 24. exf6 dxc4 25. fxe7 Rxe7 26. Nd5 Re8 27. Rc1 Rb5 28. Rxc4 Rxa5 29. Rxc7 Qe6 30. Rc5 Ra1+ 31. Kh2 Rb8 32. Rc6 Qd7 33. Nf6+ gxf6 34. Qg3+ Kh7 35. Rxf6 1-0

[Event "45th Olympiad Budapest 2024"]
[Site "Budapest"]
[Date "2024.09.11"]
[Round "1"]
[Board "1"]
[White "Francisco Guecamburu, Candela Be"]
[Black "Laamim, Roaa"]
[Result "1-0"]
[WhiteElo "2294"]
[BlackElo "1879"]
[PlyCount "45"]
[EventDate "2024.09.11"]
[EventType "team-tourn"]
[EventRounds "11"]
[EventCountry "HUN"]
[WhiteTeam "Argentina"]
[BlackTeam "Morocco"]
[WhiteTeamCountry "ARG"]
[BlackTeamCountry "MAR"]

1. e4 e5 2. Nf3 Nc6 3. Nc3 Nf6 4. Bb5 d6 5. d4 exd4 6. Nxd4 Bd7 7. Bxc6 bxc6 8. Qf3 c5 9. Nf5 g6 ({RR} 9... h6 10. Bf4 Rb8 11. O-O-O g6 12. Ne3 Nh5 13. e5 Nxf4 14. Qxf4 Rb4 15. Qf3 Bg7 16. exd6 cxd6 17. Rxd6 O-O 18. Ned5 Qg5+ 19. Kb1 Be6 20. Re1 Bxd5 21. Rxd5 Qh4 22. Re4 Qxh2 23. a3 Rb6 24. Rxc5 {1-0 Sutovsky,E (2700)-Guliev,S (2500) Baku op-A 2011 (9)}) 10. Bg5 Bxf5 ({RR} 10... gxf5 11. e5 dxe5 12. Bxf6 Qxf6 13. Qxa8+ Qd8 14. Qxd8+ Kxd8 15. O-O-O Bd6 16. Nd5 Bc6 17. Ne3 f4 18. Nc4 Ke7 19. f3 Bb5 20. Nxd6 cxd6 21. Rd2 f5 22. g3 Bc6 23. Rf2 Rg8 24. gxf4 exf4 25. Re1+ {1-0 Orazalina,N (1428)-Sneha Halder (1807) World Youth Girls U14 2023 (8.10)}) 11. Bxf6 $146 ({RR} 11. e5 dxe5 12. Bxf6 Qxf6 13. Qxa8+ Qd8 14. Qxa7 Bd6 15. O-O-O O-O 16. Qb7 Qh4 17. g3 Qc4 18. Rhe1 Bc8 19. Qb5 Qb4 20. a3 Qg4 21. Ne4 Qf5 22. Rd2 Be7 23. Kb1 Qh5 24. h4 f5 25. Nxc5 e4 {1-0 Sanal,V (2243)-Carasiov,A (1814) EU-chT U18 Iasi 2011 (7.2)}) ({RR} 11. exf5 Be7 12. O-O-O O-O 13. Rhe1 Nd5 14. Rxe7 Nxe7 15. Nd5 f6 16. Nxf6+ Kg7 17. Qc3 Kf7 18. Nxh7 Qd7 19. Qf6+ Kg8 20. Nxf8 Rxf8 21. Qxe7 Qxf5 22. Be3 {1-0 Amanov,Z (2339)-Malygin,V (1995) Almaty op 2019 (1)}) ({RR} 11. exf5 Bg7 12. Qc6+ Kf8 13. O-O-O Rb8 14. fxg6 hxg6 15. Qf3 Bh6 16. Bxh6+ Rxh6 17. h4 Rb4 18. g3 Rh5 19. Rhe1 Rf5 20. Qe2 Qb8 21. Qe7+ Kg7 22. b3 Rf3 23. Kb2 c4 24. Qe2 Rf5 25. g4 Re5 {0-1 Morales Romero,R (2244)-Gil Alba,H (2245) Giraldilla de La Habana tt 2018 (5.5)}) 11... Qxf6 12. exf5 Rc8 13. Qc6+ Kd8 14. O-O Qxf5 15. Rad1 Bg7 16. Ne4 Qd7 17. Qb7 Ke7 18. Rfe1 Be5 19. f4 Bd4+ 20. Rxd4 cxd4 21. Nc5+ Qe6 22. Nxe6 fxe6 23. Qd5 1-0

[Event "45th Olympiad Budapest 2024"]
[Site "Budapest"]
[Date "2024.09.11"]
[Round "1"]
[Board "3"]
[White "Amura, Claudia"]
[Black "El Harrak, Maryam"]
[Result "1-0"]
[WhiteElo "2191"]
[BlackElo "1639"]
[PlyCount "65"]
[EventDate "2024.09.11"]
[EventType "team-tourn"]
[EventRounds "11"]
[EventCountry "HUN"]
[WhiteTeam "Argentina"]
[BlackTeam "Morocco"]
[WhiteTeamCountry "ARG"]
[BlackTeamCountry "MAR"]

1. d4 Nf6 2. c4 d5 3. cxd5 Nxd5 4. Nf3 g6 5. e4 Nf6 6. Nc3 Bg7 7. h3 O-O 8. Bc4 ({RR} 8. Be3 a6 9. Bd3 c5 10. dxc5 Nbd7 11. O-O Qc7 12. Na4 Nh5 13. Qc1 Ne5 14. Be2 Nxf3+ 15. Bxf3 Be6 16. Nb6 Rad8 17. Nd5 Bxd5 18. exd5 Qe5 19. Rd1 Nf6 20. Qc4 h6 21. Rab1 Kh7 22. b4 Qf5 {1-0 Kozul,Z (2632)-Shabanaj,S (2121) Durres op 2014 (2)}) ({RR} 8. Be2 c6 9. O-O b5 10. a3 a6 11. Be3 Bb7 12. Rc1 Nbd7 13. Qd2 Nb6 14. b3 a5 15. e5 Nfd5 16. Ne4 Nxe3 17. fxe3 Bh6 18. Nc5 Bc8 19. g4 Bg7 20. e4 f6 21. exf6 exf6 22. Qe3 Qe7 {1-0 Fedotov,N (2311)-Deveci,H (2267) Titled Tue 2nd Jul Early 2024 (2)}) 8... b6 9. Qe2 $146 ({RR} 9. O-O Bb7 10. Bf4 Nxe4 11. Nxe4 Bxe4 12. Re1 Bb7 13. Ne5 e6 14. Qg4 Qxd4 15. Rad1 Qc5 16. Bxe6 Bxe5 17. Rxe5 Qe7 18. Bd5 {1-0 Thieme Garmann,A-Schmidt,R Koblenz SV KO op 1990}) ({RR} 9. O-O Ba6 10. Qe2 Bxc4 11. Qxc4 Nbd7 12. Bf4 c5 13. d5 a6 14. a4 Ne8 15. e5 Nc7 16. Rad1 Qc8 17. Rfe1 Re8 18. Ng5 b5 19. axb5 axb5 20. Nxb5 Nxb5 21. Qxb5 Rb8 22. Qe2 Rb4 23. g3 Qb7 {1-0 Shapiro,D (2284)-Ndirangu,J (1671) Titled Tuesday intern op 16th Nov blitz 2021 (3)}) 9... Bb7 10. O-O a5 11. Rd1 c6 12. a4 e6 13. Bg5 Qc7 14. Rac1 Nbd7 15. e5 Nd5 16. Nxd5 exd5 17. Bxd5 Rfe8 18. Qc4 Kh8 19. Bxf7 Rec8 20. Be6 Ba6 21. Qc2 Bb7 22. h4 Re8 23. Bd5 Rac8 24. h5 Qb8 25. Bf7 Rf8 26. hxg6 c5 27. Qf5 Bxf3 28. gxf3 Qb7 29. Qh3 h6 30. Bxh6 Rxf7 31. Bxg7+ Kxg7 32. Qh7+ Kf8 33. Qxf7# 1-0

[Event "45th Olympiad Budapest 2024"]
[Site "Budapest"]
[Date "2024.09.11"]
[Round "1"]
[Board "1"]
[White "Chen, Chi"]
[Black "Ouellet, Maili-Jade"]
[Result "0-1"]
[WhiteElo "1746"]
[BlackElo "2318"]
[PlyCount "54"]
[EventDate "2024.09.11"]
[EventType "team-tourn"]
[EventRounds "11"]
[EventCountry "HUN"]
[WhiteTeam "Chinese Taipei"]
[BlackTeam "Canada"]
[BlackTeamCountry "CAN"]

1. d4 d5 2. Nf3 Nf6 3. c4 e6 4. Nc3 dxc4 5. Bg5 a6 6. a4 Nc6 7. e3 ({RR} 7. e4 Na5 8. Qc2 Be7 9. Rd1 h6 10. Bxf6 Bxf6 11. e5 Be7 12. d5 O-O 13. dxe6 Qe8 14. exf7+ Qxf7 15. Nd5 b5 16. Be2 Be6 17. Nxe7+ Qxe7 18. O-O Nb3 19. Qc3 Rad8 20. Nd4 Nxd4 21. Rxd4 Rxd4 {½-½ Mamedyarov,S (2817)-Anand,V (2773) Tata Steel India rapid 2018 (6)}) 7... Na5 8. Ne5 Bb4 ({RR} 8... c5 9. Nxc4 Nxc4 10. Bxc4 cxd4 11. exd4 Be7 12. O-O O-O 13. Qd3 Bd7 14. Rad1 Qa5 15. Qe3 Ng4 16. Qf3 Qxg5 17. h3 Nf6 18. Qxb7 Rfc8 19. Bxa6 Bc6 20. f4 {0-1 Koseski,D (1906)-Krzywda,A (2208) Jana Maciei Mem 2024 (2.39)}) 9. Bxc4 $146 ({RR} 9. Qf3 h6 10. Bh4 Qd5 11. Be2 Qxf3 12. Bxf3 g5 13. Bg3 h5 14. h3 Nd5 15. O-O Bxc3 16. bxc3 f6 17. Bxd5 exd5 18. Nf3 Nb3 19. Ra2 Rh7 20. Nd2 Bf5 21. f3 Bd3 22. Re1 Kd7 23. e4 Re8 {0-1 Berczes,D (2452)-Yu,J (2278) Charlotte CCCSA Fall GM 2019 (2)}) ({RR} 9. Be2 c5 10. dxc5 Qc7 11. Bxf6 gxf6 12. Nxc4 Qxc5 13. Nd2 Bxc3 14. bxc3 f5 15. O-O Bd7 16. Nf3 Ke7 17. Qd4 Qxd4 18. cxd4 f6 19. Rfb1 Bc6 20. Nd2 Rhd8 21. Bf3 Bxf3 22. Nxf3 Rac8 23. Kf1 Rc2 {½-½ Foisor,S (2274)-Gagare,S (2100) Rilton Cup 49th 2019 (6)}) ({RR} 9. Qf3 Qd5 10. Bxf6 Qxf3 11. gxf3 gxf6 12. Nxc4 Nb3 13. Ra2 Nc1 14. Ra1 Nb3 15. Ra2 Bd7 16. Rg1 O-O-O 17. Kd1 Rhg8 18. Rg3 Bc6 19. Kc2 Na5 20. Nxa5 Bxa5 21. Be2 h5 22. Ra1 h4 23. Rg4 f5 {0-1 Kanyamarala,T (2193)-O'Donnell,C (2304) IRL-ch Dublin 2020 (4)}) 9... Nxc4 10. Nxc4 Qd5 11. Bxf6 Bxc3+ 12. bxc3 gxf6 13. Qe2 Qxg2 14. Kd2 Bd7 15. Rhg1 Qh3 16. Rg3 Qh4 17. Rg4 Qh6 18. Na5 b6 19. Qf3 Ke7 20. Nb3 f5 21. Rg3 Qh4 22. Kd3 Rad8 23. Nd2 h5 24. e4 Bc6 25. Rh3 fxe4+ 26. Nxe4 Bxe4+ 27. Qxe4 Qxh3+ 0-1

[Event "45th Olympiad Budapest 2024"]
[Site "Budapest"]
[Date "2024.09.11"]
[Round "1"]
[Board "2"]
[White "Lou, Yuxin"]
[Black "Janzelj, Lara"]
[Result "0-1"]
[WhiteElo "1654"]
[BlackElo "2193"]
[PlyCount "52"]
[EventDate "2024.09.11"]
[EventType "team-tourn"]
[EventRounds "11"]
[EventCountry "HUN"]
[WhiteTeam "Hong Kong, China"]
[BlackTeam "Slovenia"]
[BlackTeamCountry "SLO"]

1. d4 Nf6 2. c4 g6 3. Nc3 Bg7 4. e4 d6 5. Be2 O-O 6. Bg5 c5 7. d5 h6 8. Be3 e6 9. dxe6 Bxe6 10. Qd2 Qa5 11. O-O-O $146 ({RR} 11. Nf3 Nc6 12. O-O Ng4 13. Bf4 g5 14. Bg3 Nge5 15. Nxe5 dxe5 16. Rfd1 Nd4 17. Bd3 Rad8 18. Nd5 Qxd2 19. Rxd2 a6 20. f3 Rd7 21. Bf2 Rb8 22. Rc1 f6 23. Be3 Kf7 24. Kf2 Bf8 25. g4 b5 {1-0 Rejfir,J-Bobotsov,M Sarajevo-05 1962 (1)}) ({RR} 11. Nf3 Nc6 12. O-O Ng4 13. Bf4 g5 14. Bg3 Nge5 15. Nxe5 dxe5 16. Qd1 Qb4 17. Nd5 Qxb2 18. Rb1 Qxa2 19. Rxb7 Rab8 20. Rc7 Nd4 21. Bd3 Rb2 22. Ne7+ Kh7 23. Nf5 Rd2 24. Qh5 Rxd3 25. Bxe5 Qe2 {0-1 Diaz Perez,M (2461)-Quesada Perez,L (2560) 60th ch-CUB 2024 (7.1)}) ({RR} 11. f3 Kh7 12. Rd1 Nc6 13. Qxd6 Nd4 14. Bd3 Nd7 15. Qf4 Ne5 16. Nh3 Nxd3+ 17. Rxd3 Nc2+ 18. Kd1 Nxe3+ 19. Qxe3 Bxc4 20. Rd2 Bd4 21. Qe1 Bxc3 22. bxc3 Rad8 23. Nf4 Qxc3 24. Nd5 Qa1+ 25. Kc2 Qxa2+ {0-1 Stepak,Y-Wexler,B Olympiad-16 Final A 1964 (3)}) ({RR} 11. Nf3 Nc6 12. O-O Ng4 13. Bf4 Nce5 14. Nxe5 dxe5 15. Nd5 Qxd2 16. Bxd2 Bxd5 17. cxd5 Nf6 18. f3 Rfd8 19. Rfc1 Bf8 20. Be3 Rac8 21. Rc3 Nd7 22. Rac1 f5 23. Bd3 fxe4 24. fxe4 b6 25. Rf1 Kg7 {1-0 Spiridonov,N-Nicevski,R Zonal Athens 1969 (3)}) 11... b5 12. e5 dxe5 13. a3 b4 14. Nb5 a6 15. Nd6 Nbd7 16. Bd3 Qc7 17. Ne4 bxa3 18. bxa3 Rab8 19. Nxf6+ Nxf6 20. f4 Rfd8 21. Qc2 exf4 22. Bd2 Rxd3 23. Qxd3 Bf5 24. Qxf5 gxf5 25. Bc3 Ne4 26. Bxg7 Qb7 0-1

[Event "45th Olympiad Budapest 2024"]
[Site "Budapest"]
[Date "2024.09.11"]
[Round "1"]
[Board "3"]
[White "Vidic, Teja"]
[Black "Leung, Hoi Ting"]
[Result "1-0"]
[WhiteElo "2128"]
[BlackElo "1619"]
[PlyCount "75"]
[EventDate "2024.09.11"]
[EventType "team-tourn"]
[EventRounds "11"]
[EventCountry "HUN"]
[WhiteTeam "Slovenia"]
[BlackTeam "Hong Kong, China"]
[WhiteTeamCountry "SLO"]

1. e4 e6 2. d4 d5 3. Nc3 dxe4 4. Nxe4 Nd7 5. Nf3 Ngf6 6. Nxf6+ Nxf6 7. Bd3 Be7 8. Qe2 c6 ({RR} 8... b6 9. Be3 O-O 10. O-O-O Bb7 11. Kb1 Nd5 12. Bd2 Qc8 13. h4 c5 14. dxc5 Qxc5 15. Ng5 Nf6 16. Bc3 h6 17. a3 Nd5 18. Bd4 Qc7 19. Qh5 Nf4 20. Qxh6 g6 {1-0 Duda,J (2731)-Cremisi,D (2170) Titled Tue 9th Apr Late 2024 (2)}) 9. Bg5 h6 $146 ({RR} 9... Nd5 10. Bd2 Qb6 11. c4 Nb4 12. Bb1 c5 13. dxc5 Bxc5 14. O-O Nc6 15. Bc3 Nd4 16. Qe5 Nxf3+ 17. gxf3 Bd7 18. Qxg7 O-O-O 19. Qxh8 Rxh8 20. Bxh8 Bd4 21. Bxd4 Qxd4 22. Bc2 Qxb2 23. Rfc1 h5 24. Be4 {0-1 Moingt,A (2015)-Siebrecht,R (2070) FRA-ch (Women) 1993 (6)}) ({RR} 9... Nd5 10. Be3 Nxe3 11. fxe3 Bd7 12. c3 Qc7 13. Ne5 Bf6 14. Ng4 Be7 15. e4 O-O-O 16. O-O Rdf8 17. c4 h5 18. Ne3 Qb6 19. c5 Qc7 20. b4 Bg5 21. Nc4 Be7 22. a4 f6 23. Ne3 Rd8 24. d5 {½-½ Liebert,U-Baumann,L DDR Women-ch06 1955 (5)}) ({RR} 9... Nd5 10. Bd2 Qb6 11. O-O Qxb2 12. Rfb1 Nc3 13. Rxb2 Nxe2+ 14. Bxe2 Bf6 15. Bg5 h6 16. Bf4 c5 17. Bb5+ Ke7 18. Be5 cxd4 19. Bxd4 Bxd4 20. Nxd4 Rd8 21. c3 g6 22. Re1 f6 23. Bc4 Rxd4 24. cxd4 {1-0 Galloux,M (2039)-Cantiron,V Creon op 12th 2007 (4)}) 10. Bd2 Qb6 11. O-O-O a5 12. a3 Qc7 13. Ne5 b5 14. Nxc6 O-O 15. Nxe7+ Qxe7 16. g4 b4 17. a4 Bb7 18. Rhg1 Rac8 19. g5 hxg5 20. Rxg5 Rfd8 21. Rdg1 g6 22. Bxg6 fxg6 23. Rxg6+ Kf8 24. Qe5 Rxc2+ 25. Kxc2 Be4+ 26. Kd1 Bxg6 27. Rxg6 Kf7 28. Qg5 Rg8 29. Rxg8 Nxg8 30. Qh5+ Kf8 31. Qxa5 Qh7 32. Bxb4+ Kf7 33. Qc7+ Kg6 34. Qxh7+ Kxh7 35. a5 Nf6 36. a6 Nd7 37. Bc5 Nxc5 38. dxc5 1-0